000 01237nam a22002777a 4500
003 OSt
005 20250911173503.0
008 240524b ||||| |||| 00| 0 eng d
040 _c0
082 _aDPer 621.381 In821 April 2022 v. 37 n. 4
100 _aZhou, Yu.
_eauthor.
_957295
245 _aDemonstration of picosecond 4H-SiC avalanche shaper with voltage rise rate of 11.14 k V/ns and peak power density of 62 MW/cm² /
_cYu Zhou, Xiaoyan Tang, Qingwen Song, Chao Han, Hao Yuan, Yancong Liu, Sicheng Liu, Yimen Zhang, and Yuming Zhang.
260 _aNew York ;
_bhe Institute of Electrical and Electronics Engineers, Inc. ,
_cApril 2022.
300 _aVolume 37, pages 3724-3727 :
_billustration ;
_c28 cm.
500 _aIEEE Transactions on Power Electronics, vol. 37, no. 4, pages 3724-3727, April 2022.
700 _aZhou, Yu.
_eauthor.
_957295
700 _aTang, Xiaoyan.
_eauthor.
_957296
700 _aSong, Qingwen.
_eauthor.
_957297
700 _aHan, Chao.
_eauthor.
_957298
700 _aYuan, Hao.
_eauthor.
_957299
700 _aLiu, Yancong.
_eauthor.
_957300
700 _aLiu, Sicheng.
_eauthor.
_957301
700 _aZhang, Yimen.
_eauthor.
_957302
700 _aZhang, Yuming.
_eauthor.
_957303
942 _2ddc
_cPER
999 _c20321
_d20321